000 00459nam a22001817a 4500
005 20240902112448.0
008 240831b |||||||| |||| 00| 0 eng d
020 _a978-93-82219-19-4
041 _aeng
082 _a614.44 PAR
100 _aPARK, K
_98468
245 _aPARK,S TEXTBOOK OF PREVENTIVE AND SOCIAL MEDICINE
250 _a27TH ED. 2023
260 _aJABALPUR
_bBANARASIDAS BHANOT
_c2023
300 _a1048;P
650 _aBPT
942 _cBK
999 _c8595
_d8593